A history of the Islamic peoples : (Record no. 46054)
[ view plain ]
| 000 -LEADER | |
|---|---|
| fixed length control field | 00943nam a2200265 a 4500 |
| 001 - CONTROL NUMBER | |
| control field | 46054 |
| 003 - CONTROL NUMBER IDENTIFIER | |
| rucl marc code | BD-RjUL |
| 005 - DATE AND TIME OF LATEST TRANSACTION | |
| control field | 20211209054113.0 |
| 008 - FIXED-LENGTH DATA ELEMENTS--GENERAL INFORMATION | |
| fixed length control field | 160730s1914 ii b 000 0 eng d |
| 035 ## - SYSTEM CONTROL NUMBER | |
| System control number | (BD-RjUL)46172 |
| 040 ## - CATALOGING SOURCE | |
| Original cataloging agency | BD-RjUL |
| Language of cataloging | eng |
| Transcribing agency | BD-RjUL |
| Modifying agency | BD-RjUL |
| 041 1# - LANGUAGE CODE | |
| Language code of text/sound track or separate title | eng |
| Language code of original | ger |
| 082 ## - DEWEY DECIMAL CLASSIFICATION NUMBER | |
| Edition number | 23 |
| Author mark and year | WEH 1914 |
| Classification number | 909.09767 |
| 100 1# - MAIN ENTRY--PERSONAL NAME | |
| Personal name | Weil, Gustav |
| 9 (RLIN) | 223896 |
| 245 12 - TITLE STATEMENT | |
| Title | A history of the Islamic peoples : |
| Remainder of title | (Translated from the German of Dr. Weil's Geschichte der islamitischen Völker) / |
| Statement of responsibility, etc. | by Gustav Weil ; [translted ] by S. Khuda Bukhsh. |
| 246 ## - VARYING FORM OF TITLE | |
| Title proper/short title | Geschichte der islamitischen Völker |
| 260 ## - PUBLICATION, DISTRIBUTION, ETC. (IMPRINT) | |
| Place of publication, distribution, etc. | Calcutta : |
| Name of publisher, distributor, etc. | University of Calcutta, |
| Date of publication, distribution, etc. | [1914] |
| 300 ## - PHYSICAL DESCRIPTION | |
| Pagination | vii, 170 p. ; |
| Size | 23 cm. |
| 504 ## - BIBLIOGRAPHY, ETC. NOTE | |
| Bibliography, etc | Includes bibliography. |
| 650 ## - SUBJECT ADDED ENTRY--TOPICAL TERM | |
| Topical term or geographic name as entry element | Islamic Empire |
| 9 (RLIN) | 223898 |
| Topical term or geographic name as entry element | Islamic civilization |
| 9 (RLIN) | 223899 |
| Topical term or geographic name as entry element | Muslims |
| 9 (RLIN) | 223900 |
| 700 1# - ADDED ENTRY--PERSONAL NAME | |
| Personal name | Khuda Bukhsh, S. |
| Fuller form of name | (Salahuddin), |
| Dates associated with a name | 1877-1931, tr. |
| 942 ## - ADDED ENTRY ELEMENTS (KOHA) | |
| Source of classification or shelving scheme | Dewey Decimal Classification |
| Koha item type | Books |
| Lost status | Source of classification or shelving scheme | Damaged status | Not for loan | Collection code | Permanent Location | Current Location | Shelving location | Date acquired | Source of acquisition | Cost, normal purchase price | Total Checkouts | Full call number | Date last seen | Copy number | Koha item type |
|---|---|---|---|---|---|---|---|---|---|---|---|---|---|---|---|
| Dewey Decimal Classification | Non-fiction | Central Library, University of Rajshahi | Central Library, University of Rajshahi | 23/01/1963 | G. M. Hilali | 0.00 | 909.09767 WEH 1914 | 30/07/2016 | C-2 | Books | |||||
| Dewey Decimal Classification | Not For Loan | Rare Books | Central Library, University of Rajshahi | Central Library, University of Rajshahi | Rare Book Section | 21/10/2018 | RA 909.09767 WEH 1914 | 21/10/2018 | C-1 | Rare Books |